000 00348nam a2200145Ia 4500
008 230718s9999 xx 000 0 und d
041 _aEng.
082 _a340.5491
_bIMR-I
100 _aimran ahsan khan nayaze
245 0 _ainstroduction of law
260 _aPakistan
_badvan legal status
_c2020
300 _a626
650 _aLaw
999 _c33044
_d33044